|
|
|
|
| LEADER |
00000nam0a2200000 4500 |
| 001 |
294711 |
| 005 |
20231102000730.0 |
| 020 |
|
|
|a RU
|b 84-26704
|
| 035 |
|
|
|a (RuTPU)RU\TPU\book\319784
|
| 090 |
|
|
|a 294711
|
| 100 |
|
|
|a 20150515d1984 k y0rusy5003 ca
|
| 101 |
0 |
|
|a rus
|
| 102 |
|
|
|a RU
|
| 105 |
|
|
|a a z 001zy
|
| 200 |
1 |
|
|a Оперативное статистическое управление качеством
|e в помощь слушателям семинара по надежности и прогрессивным методам контроля качества промомышленных изделий при Политехн. музее
|f Ю. П. Адлер, Б. Л. Розовский
|g Политехнический музей ; СССР, Государственный комитет по стандартам (Госстандарт) ; Всесоюзное общество "Знание"
|
| 210 |
|
|
|a Москва
|c Знание
|d 1984
|
| 215 |
|
|
|a 102 с.
|c ил.
|
| 320 |
|
|
|a Библиогр.: с. 52-55
|
| 320 |
|
|
|a Библиогр.: с. 100-101
|
| 423 |
|
|
|t Территориальные системы управления качеством промышленной продукции
|f В. Г. Версан, В. С. Дубинин, В. П. Сипицын
|a Версан, В. Г.
|
| 606 |
1 |
|
|a Промышленная продукция
|x Качество
|x Управление
|x Математические методы
|x Автоматизация
|2 stltpush
|3 (RuTPU)RU\TPU\subj\52229
|9 70717
|
| 610 |
1 |
|
|a качество
|
| 610 |
1 |
|
|a оперативное управление
|
| 610 |
1 |
|
|a статистические методы
|
| 610 |
1 |
|
|a территориальные системы
|
| 610 |
1 |
|
|a анализ
|
| 610 |
1 |
|
|a выборки
|
| 610 |
1 |
|
|a планирование
|
| 610 |
1 |
|
|a цели
|
| 610 |
1 |
|
|a структура
|
| 610 |
1 |
|
|a функции
|
| 675 |
|
|
|a 658.562
|z rus
|
| 701 |
|
1 |
|a Адлер
|b Ю. П.
|
| 701 |
|
1 |
|a Розовский
|b Б. Л.
|
| 712 |
0 |
2 |
|a Политехнический музей
|2 stltpush
|3 (RuTPU)RU\TPU\col\9745
|9 24746
|
| 712 |
0 |
1 |
|a СССР
|b Государственный комитет по стандартам (Госстандарт)
|c (1978-1989)
|2 stltpush
|3 (RuTPU)RU\TPU\col\12454
|
| 712 |
0 |
2 |
|a Всесоюзное общество "Знание"
|c (1963-1991)
|c (Москва)
|2 stltpush
|3 (RuTPU)RU\TPU\col\9744
|9 24745
|
| 801 |
|
0 |
|a RU
|b RuMRKP
|c 19950704
|g psbo
|
| 801 |
|
1 |
|a RU
|b 63413507
|c 20150515
|
| 801 |
|
2 |
|a RU
|b 63413507
|c 20160624
|g RCR
|
| 942 |
|
|
|c BK
|